01780nam a2200337 i 4500001001000000003000900010005001700019007000300036008004100039040003000080041000800110082001900118100004400137245012900181264005300310300004500363336002700408337003300435338002800468500006300496500004100559590002600600700005200626942001400678952015600692952011200848952013700960952015601097952017401253999001501427000006488DO-SdBNP20260407093636.0ta090831s2002 dr a r 001 0 spa d aDO-SdBNPbspacBNPHUerda aspa 4axxxbL864n222 aLópez Reyes, Oscar,eautor4aut.975010aNo estaba en el avión :bcrónica sobre la caída del vuelo 587 /cOscar López Reyes ; prólogo, Luis Eludis Pérez. 1aSanto Domingo :bImpresos Computarizados,c2002. a194 páginas :bilustraciones ;c21 cm. atextobtxt2rdacontent asin mediaciónbn2rdamedia avolumenbnc2rdacarrier aIncluye datos biográficos del autor en la contracubierta aIncluye referencias bibliográficas aInventariado, 2026/BT1 aPérez, Luis Elaudis,eprologuista4pr.917975 2ddccLBS1 00102ddc56708DSaBNPHUbBNPHUcCTd2019-05-28eDonado por Maritza Báezl0oBNPHU DS L864np6488-30r2020-06-25te. 3w2020-06-25yLBS1zDedicado. 00102ddc51708PDaBNPHUbBNPHUcCTd2009-08-31l0oBNPHU PD L864np6488-10r2020-06-25w2020-06-25yLBS1 00102ddc51708PDaBNPHUbBNPHUcCTd2009-08-31eDonado por CERTVl0oBNPHU PD L864np6488-20r2020-06-25te. 2w2020-06-25yLBS1 00102ddc56708DSaBNPHUbBNPHUcCTd2021-08-19eDonado por Rosalia de Castrol0oBNPHU BNPHU DS L864np2021-25515r2021-08-19te.4w2021-08-19yLBS1 00102ddc56708DSaBNPHUbBNPHUcCTd2023-01-23eDonado por Federico Henríquez Gratereauxl0oBNPHU DS L864np2023-0371r2023-01-23te.5w2023-01-23yLBS1zDedicado. c6279d6279